| 000 | 00829nam a2200253 a 4500 | ||
|---|---|---|---|
| 005 | 20140310183551.0 | ||
| 008 | 111017s19uu xx 00 eng d | ||
| 020 | _a9781582556680 | ||
| 050 |
_aRT 48 _b.N866 2008 |
||
| 245 |
_aNursing. : _bInterpreting signs & symptoms. / |
||
| 260 |
_aPhiladelphia : _bWolters Kluwer/Lippincott Williams & Wilkins, _c2008. |
||
| 300 |
_a665 p. : _bill. col. ; _c22 cm. |
||
| 440 | _aNursing series | ||
| 500 | _aIncludes bibliographical references and index. | ||
| 521 | _aNUR | ||
| 650 |
_aNursing diagnosis _xHandbooks, manuals, etc. |
||
| 650 |
_aNursing assessment _xHandbooks, manuals, etc. |
||
| 650 |
_aSymptoms _xHandbooks, manuals, etc. |
||
| 650 |
_aDiagnosis _xHandbooks, manuals, etc. |
||
| 942 |
_cBK _2lcc _kFOR |
||
| 999 |
_c24948 _d24948 |
||